000 00588nam a2200205 i 4500
001 bg
100 1 _aGRAHAM, Natasha
245 0 _aMicrocomputer, hardware, projects :
_bSinclair Spectrum and ZX81 add-on units /
_cNatasha Graham, Michael Roberts.
260 _aCheshire :
_bSigma Technical Press,
_c1983.
300 _aVI, 100 s. :
_bil., rys., ;
_c22 cm.
650 9 _aKomputery
700 1 _aROBERTS, Michael
020 _a0905104641
040 _cBPK
041 _apol
080 _a004
920 _a0-905104-64-1
942 _cKS
008 s pl f |000 0 pol
999 _c23433
_d23433
856 _uhttp://koha.tu.koszalin.pl/cgi-bin/koha/opac-detail.pl?biblionumber=23433
_yKatalog online BPK